[Event "ABC-4 2025 Groep A"]
[Site "Utrecht"]
[Date "2025.03.16"]
[Round "5.10"]
[White "Vrees, Jens"]
[Black "Waersegers, Brent"]
[Result "0-1"]
[WhiteFideId "9030494"]
[BlackFideId "8613803"]
[WhiteElo "1573"]
[BlackElo "1847"]

1. d4 {[%clk 00:55:10]} {[%emt 00:00:10]} Nf6 {[%clk 00:55:12]} {[%emt
00:00:07]} 2. Nc3 {[%clk 00:55:01]} {[%emt 00:00:20]} d5 {[%clk 00:55:07]}
{[%emt 00:00:14]} 3. Nf3 {[%clk 00:54:56]} {[%emt 00:00:16]} c5 {[%clk
00:55:01]} {[%emt 00:00:16]} 4. Bf4 {[%clk 00:51:28]} {[%emt 00:03:37]} Nc6
{[%clk 00:54:01]} {[%emt 00:01:11]} 5. e3 {[%clk 00:50:52]} {[%emt 00:00:46]}
a6 {[%clk 00:53:32]} {[%emt 00:00:40]} 6. dxc5 {[%clk 00:50:02]} {[%emt
00:00:59]} e6 {[%clk 00:53:18]} {[%emt 00:00:24]} 7. Bd3 {[%clk 00:47:10]}
{[%emt 00:03:02]} Bxc5 {[%clk 00:52:53]} {[%emt 00:00:35]} 8. a3 {[%clk
00:46:29]} {[%emt 00:00:51]} Bd7 {[%clk 00:45:18]} {[%emt 00:07:44]} 9. h3
{[%clk 00:45:03]} {[%emt 00:01:36]} Rc8 {[%clk 00:44:50]} {[%emt 00:00:38]} 10.
Qe2 {[%clk 00:44:34]} {[%emt 00:00:39]} Qb6 {[%clk 00:42:54]} {[%emt 00:02:06]}
11. O-O {[%clk 00:42:04]} {[%emt 00:02:40]} Ne7 {[%clk 00:42:09]} {[%emt
00:00:54]} 12. Na2 {[%clk 00:36:00]} {[%emt 00:06:14]} Ng6 {[%clk 00:40:09]}
{[%emt 00:02:11]} 13. b4 {[%clk 00:27:33]} {[%emt 00:08:38]} Nxf4 {[%clk
00:39:50]} {[%emt 00:00:29]} 14. exf4 {[%clk 00:27:16]} {[%emt 00:00:27]} Bd6
{[%clk 00:39:48]} {[%emt 00:00:12]} 15. f5 {[%clk 00:25:33]} {[%emt 00:01:52]}
O-O {[%clk 00:38:40]} {[%emt 00:01:19]} 16. fxe6 {[%clk 00:22:46]} {[%emt
00:02:57]} Bxe6 {[%clk 00:36:28]} {[%emt 00:02:21]} 17. Rfe1 {[%clk 00:21:19]}
{[%emt 00:01:37]} Rfe8 {[%clk 00:35:40]} {[%emt 00:00:59]} 18. Qd2 {[%clk
00:20:23]} {[%emt 00:01:04]} Rcd8 {[%clk 00:32:35]} {[%emt 00:03:17]} 19. Nc3
{[%clk 00:18:50]} {[%emt 00:01:42]} h6 {[%clk 00:29:25]} {[%emt 00:03:21]} 20.
Rad1 {[%clk 00:17:15]} {[%emt 00:01:43]} Nh5 {[%clk 00:28:23]} {[%emt
00:01:12]} 21. Ne2 {[%clk 00:15:33]} {[%emt 00:01:52]} Rc8 {[%clk 00:25:10]}
{[%emt 00:03:24]} 22. c3 {[%clk 00:14:41]} {[%emt 00:01:02]} a5 {[%clk
00:24:04]} {[%emt 00:01:17]} 23. Nfd4 {[%clk 00:13:56]} {[%emt 00:00:54]} Bd7
{[%clk 00:23:28]} {[%emt 00:00:47]} 24. Bf5 {[%clk 00:12:37]} {[%emt 00:01:26]}
Bxf5 {[%clk 00:21:36]} {[%emt 00:02:05]} 25. Nxf5 {[%clk 00:12:10]} {[%emt
00:00:36]} Re5 {[%clk 00:21:37]} {[%emt 00:00:09]} 26. Nxd6 {[%clk 00:10:11]}
{[%emt 00:02:09]} Qxd6 {[%clk 00:21:40]} {[%emt 00:00:08]} 27. Qd4 {[%clk
00:09:21]} {[%emt 00:00:59]} axb4 {[%clk 00:20:42]} {[%emt 00:01:09]} 28. axb4
{[%clk 00:08:52]} {[%emt 00:00:38]} Rce8 {[%clk 00:20:42]} {[%emt 00:00:10]} 29.
Qd2 {[%clk 00:07:34]} {[%emt 00:01:28]} Qe6 {[%clk 00:19:55]} {[%emt 00:00:56]}
30. Kf1 {[%clk 00:07:20]} {[%emt 00:00:25]} Qf6 {[%clk 00:18:57]} {[%emt
00:01:07]} 31. Nd4 {[%clk 00:05:54]} {[%emt 00:01:36]} Ng3+ {[%clk 00:18:17]}
{[%emt 00:00:51]} 32. Kg1 {[%clk 00:06:01]} {[%emt 00:00:02]} Ne4 {[%clk
00:18:15]} {[%emt 00:00:14]} 33. Qe3 {[%clk 00:05:04]} {[%emt 00:01:05]} Qg6
{[%clk 00:16:56]} {[%emt 00:01:30]} 34. Nf3 {[%clk 00:04:43]} {[%emt 00:00:30]}
Rh5 {[%clk 00:16:06]} {[%emt 00:01:00]} 35. Nd2 {[%clk 00:03:42]} {[%emt
00:01:10]} f5 {[%clk 00:15:07]} {[%emt 00:01:10]} 36. Nxe4 {[%clk 00:03:37]}
{[%emt 00:00:15]} fxe4 {[%clk 00:14:35]} {[%emt 00:00:43]} 37. Qg3 {[%clk
00:03:12]} {[%emt 00:00:34]} Rg5 {[%clk 00:14:35]} {[%emt 00:00:10]} 38. Qh2
{[%clk 00:03:16]} {[%emt 00:00:07]} Rc8 {[%clk 00:13:33]} {[%emt 00:01:11]} 39.
Re3 {[%clk 00:03:17]} {[%emt 00:00:10]} Kh7 {[%clk 00:13:02]} {[%emt 00:00:41]}
40. g4 {[%clk 00:03:25]} {[%emt 00:00:02]} Qf6 {[%clk 00:12:49]} {[%emt
00:00:22]} 41. f4 {[%clk 00:03:13]} {[%emt 00:00:23]} exf3 {[%clk 00:12:46]}
{[%emt 00:00:13]} 42. Rdd3 {[%clk 00:03:08]} {[%emt 00:00:14]} Qb6 {[%clk
00:12:23]} {[%emt 00:00:33]} 43. Qf4 {[%clk 00:03:00]} {[%emt 00:00:19]} Re8
{[%clk 00:11:42]} {[%emt 00:00:50]} 44. Kf2 {[%clk 00:02:42]} {[%emt 00:00:30]}
Re6 {[%clk 00:11:12]} {[%emt 00:00:39]} 45. h4 {[%clk 00:02:05]} {[%emt
00:00:46]} Rge5 {[%clk 00:10:33]} {[%emt 00:00:47]} 46. g5 {[%clk 00:02:01]}
{[%emt 00:00:15]} Rxe3 {[%clk 00:10:07]} {[%emt 00:00:38]} 47. Rxe3 {[%clk
00:02:06]} {[%emt 00:00:04]} Qxe3+ {[%clk 00:10:12]} {[%emt 00:00:06]} 48. Qxe3
{[%clk 00:02:14]} {[%emt 00:00:02]} Rxe3 {[%clk 00:10:15]} {[%emt 00:00:06]} 49.
Kxe3 {[%clk 00:02:23]} hxg5 {[%clk 00:10:19]} {[%emt 00:00:07]} 50. hxg5 {[%clk
00:02:31]} {[%emt 00:00:02]} Kg6 {[%clk 00:10:22]} {[%emt 00:00:06]} 51. Kxf3
{[%clk 00:02:40]} Kxg5 {[%clk 00:10:24]} {[%emt 00:00:10]} 52. Ke3 {[%clk
00:02:39]} {[%emt 00:00:12]} Kf5 {[%clk 00:10:17]} {[%emt 00:00:16]} 53. Kd4
{[%clk 00:02:41]} {[%emt 00:00:08]} g5 {[%clk 00:09:52]} {[%emt 00:00:36]} 54.
Kxd5 {[%clk 00:02:35]} {[%emt 00:00:15]} g4 {[%clk 00:09:58]} {[%emt 00:00:04]}
55. c4 {[%clk 00:02:44]} g3 {[%clk 00:10:02]} {[%emt 00:00:06]} 56. c5 {[%clk
00:02:53]} {[%emt 00:00:01]} g2 {[%clk 00:10:04]} {[%emt 00:00:08]} 57. c6
{[%clk 00:02:52]} {[%emt 00:00:10]} bxc6+ {[%clk 00:10:08]} {[%emt 00:00:07]}
58. Kxc6 {[%clk 00:03:01]} g1=Q {[%clk 00:10:09]} {[%emt 00:00:10]} 59. b5
{[%clk 00:03:11]} {[%emt 00:00:01]} Qc1+ {[%clk 00:10:01]} {[%emt 00:00:17]} 60.
Kb7 {[%clk 00:03:06]} {[%emt 00:00:15]} Ke6 {[%clk 00:09:51]} {[%emt 00:00:19]}
61. b6 {[%clk 00:03:16]} Kd7 {[%clk 00:09:51]} {[%emt 00:00:11]} 62. Kb8 {[%clk
00:02:32]} {[%emt 00:00:51]} Qc8+ {[%clk 00:09:53]} {[%emt 00:00:09]} 63. Ka7
{[%clk 00:02:39]} {[%emt 00:00:01]} Kc6 {[%clk 00:09:58]} {[%emt 00:00:08]} 64.
b7 {[%clk 00:02:39]} {[%emt 00:00:10]} Qxb7# {[%clk 00:09:52]} {[%emt
00:00:04]} 0-1

[Event "ABC-4 2025 Groep A"]
[Site "Utrecht"]
[Date "2025.03.16"]
[Round "6.1"]
[White "Rogozyanskiy, Alexander"]
[Black "Van Arendonk, Polle"]
[Result "1/2-1/2"]
[WhiteFideId "8973866"]
[BlackFideId "8640720"]
[WhiteElo "1959"]
[BlackElo "1914"]

1. e4 {[%clk 00:55:17]} {[%emt 00:00:02]} e5 {[%clk 00:55:18]} {[%emt
00:00:03]} 2. Nf3 {[%clk 00:55:21]} {[%emt 00:00:05]} Nc6 {[%clk 00:55:26]}
{[%emt 00:00:03]} 3. d4 {[%clk 00:55:11]} {[%emt 00:00:20]} exd4 {[%clk
00:55:33]} {[%emt 00:00:03]} 4. Nxd4 {[%clk 00:55:16]} {[%emt 00:00:05]} Nf6
{[%clk 00:55:39]} {[%emt 00:00:04]} 5. Nxc6 {[%clk 00:55:22]} {[%emt 00:00:03]}
bxc6 {[%clk 00:55:46]} {[%emt 00:00:04]} 6. e5 {[%clk 00:55:27]} {[%emt
00:00:04]} Qe7 {[%clk 00:55:54]} {[%emt 00:00:03]} 7. Qe2 {[%clk 00:55:26]}
{[%emt 00:00:11]} Nd5 {[%clk 00:56:01]} {[%emt 00:00:03]} 8. h4 {[%clk
00:55:33]} {[%emt 00:00:04]} Qe6 {[%clk 00:55:52]} {[%emt 00:00:19]} 9. g3
{[%clk 00:51:32]} {[%emt 00:04:09]} d6 {[%clk 00:55:50]} {[%emt 00:00:13]} 10.
exd6 {[%clk 00:49:38]} {[%emt 00:02:03]} Bxd6 {[%clk 00:55:46]} {[%emt
00:00:16]} 11. a3 {[%clk 00:42:22]} {[%emt 00:07:25]} O-O {[%clk 00:49:30]}
{[%emt 00:06:27]} 12. Qxe6 {[%clk 00:36:52]} {[%emt 00:05:40]} Bxe6 {[%clk
00:49:30]} {[%emt 00:00:10]} 13. Bg2 {[%clk 00:29:51]} {[%emt 00:07:11]} Bf5
{[%clk 00:49:03]} {[%emt 00:00:37]} 14. O-O {[%clk 00:26:20]} {[%emt 00:03:40]}
Bxc2 {[%clk 00:48:58]} {[%emt 00:00:15]} 15. Bd2 {[%clk 00:23:44]} {[%emt
00:02:46]} Rab8 {[%clk 00:44:22]} {[%emt 00:04:46]} 16. Nc3 {[%clk 00:21:00]}
{[%emt 00:02:54]} Rxb2 {[%clk 00:42:58]} {[%emt 00:01:34]} 17. Nxd5 {[%clk
00:20:29]} {[%emt 00:00:40]} cxd5 {[%clk 00:43:02]} {[%emt 00:00:06]} 18. Bxd5
{[%clk 00:20:20]} {[%emt 00:00:19]} Bd3 {[%clk 00:40:49]} {[%emt 00:02:23]} 19.
Rfd1 {[%clk 00:18:19]} {[%emt 00:02:10]} Be2 {[%clk 00:36:58]} {[%emt
00:04:02]} 20. Bc3 {[%clk 00:16:20]} {[%emt 00:02:09]} Rc2 {[%clk 00:36:41]}
{[%emt 00:00:27]} 21. Rd2 {[%clk 00:14:31]} {[%emt 00:01:58]} Rxc3 {[%clk
00:29:26]} {[%emt 00:07:27]} 22. Rxe2 {[%clk 00:14:29]} {[%emt 00:00:12]} Rxa3
{[%clk 00:29:28]} {[%emt 00:00:08]} 23. Rxa3 {[%clk 00:13:16]} {[%emt
00:01:22]} Bxa3 {[%clk 00:29:36]} {[%emt 00:00:02]} 24. Rd2 {[%clk 00:12:04]}
{[%emt 00:01:21]} g6 {[%clk 00:26:42]} {[%emt 00:03:05]} 25. Kg2 {[%clk
00:11:17]} {[%emt 00:00:56]} Kg7 {[%clk 00:26:28]} {[%emt 00:00:25]} 26. Bc4
{[%clk 00:10:41]} {[%emt 00:00:46]} Bd6 {[%clk 00:25:56]} {[%emt 00:00:41]} 27.
Ra2 {[%clk 00:10:34]} {[%emt 00:00:17]} Bc5 {[%clk 00:21:37]} {[%emt 00:04:29]}
28. Rd2 {[%clk 00:10:15]} {[%emt 00:00:29]} Re8 {[%clk 00:21:11]} {[%emt
00:00:36]} 29. Rd5 {[%clk 00:09:53]} {[%emt 00:00:32]} Bd6 {[%clk 00:18:24]}
{[%emt 00:02:57]} 30. Ra5 {[%clk 00:08:36]} {[%emt 00:01:28]} Re4 {[%clk
00:18:11]} {[%emt 00:00:22]} 31. Bf1 {[%clk 00:06:48]} {[%emt 00:01:58]} Rd4
{[%clk 00:14:37]} {[%emt 00:03:43]} 32. Rxa7 {[%clk 00:06:41]} {[%emt
00:00:18]} Rd2 {[%clk 00:14:40]} {[%emt 00:00:07]} 33. Ra4 {[%clk 00:06:18]}
{[%emt 00:00:33]} Bc5 {[%clk 00:14:25]} {[%emt 00:00:25]} 34. Rf4 {[%clk
00:06:22]} {[%emt 00:00:06]} f5 {[%clk 00:14:05]} {[%emt 00:00:30]} 35. Rf3
{[%clk 00:05:40]} {[%emt 00:00:52]} Kf6 {[%clk 00:12:13]} {[%emt 00:02:02]} 36.
g4 {[%clk 00:04:26]} {[%emt 00:01:24]} Ke5 {[%clk 00:11:50]} {[%emt 00:00:33]}
37. gxf5 {[%clk 00:04:20]} {[%emt 00:00:17]} gxf5 {[%clk 00:11:57]} {[%emt
00:00:02]} 38. Bd3 {[%clk 00:04:23]} {[%emt 00:00:07]} Bxf2 {[%clk 00:07:02]}
{[%emt 00:05:04]} 39. Rxf5+ {[%clk 00:02:51]} {[%emt 00:01:44]} Kd4 {[%clk
00:04:20]} {[%emt 00:02:52]} 40. Bb1 {[%clk 00:02:55]} {[%emt 00:00:06]} Bxh4+
{[%clk 00:03:05]} {[%emt 00:01:25]} 41. Kh3 {[%clk 00:03:04]} Be7 {[%clk
00:02:47]} {[%emt 00:00:27]} 42. Rf7 {[%clk 00:02:57]} {[%emt 00:00:19]} Re2
{[%clk 00:02:28]} {[%emt 00:00:28]} 43. Bxh7 {[%clk 00:02:37]} {[%emt
00:00:30]} c5 {[%clk 00:02:29]} {[%emt 00:00:09]} 44. Bg8 {[%clk 00:02:11]}
{[%emt 00:00:36]} Re4 {[%clk 00:02:13]} {[%emt 00:00:26]} 45. Bh7 {[%clk
00:01:40]} {[%emt 00:00:41]} Re3+ {[%clk 00:02:06]} {[%emt 00:00:17]} 46. Kg4
{[%clk 00:01:43]} {[%emt 00:00:08]} Re6 {[%clk 00:01:11]} {[%emt 00:01:04]} 47.
Rf4+ {[%clk 00:00:52]} {[%emt 00:01:01]} Kc3 {[%clk 00:01:19]} {[%emt
00:00:02]} 48. Kf3 {[%clk 00:00:53]} {[%emt 00:00:09]} Bg5 {[%clk 00:01:09]}
{[%emt 00:00:21]} 49. Rf5 {[%clk 00:00:53]} {[%emt 00:00:10]} Be7 {[%clk
00:01:12]} {[%emt 00:00:07]} 50. Bg8 {[%clk 00:00:48]} {[%emt 00:00:15]} Rc6
{[%clk 00:01:09]} {[%emt 00:00:13]} 51. Ke2 {[%clk 00:00:44]} {[%emt 00:00:14]}
c4 {[%clk 00:00:49]} {[%emt 00:00:31]} 52. Rf4 {[%clk 00:00:45]} {[%emt
00:00:08]} 1/2-1/2

[Event "ABC-4 2025 Groep A"]
[Site "Utrecht"]
[Date "2025.03.16"]
[Round "6.2"]
[White "Van de Poel, Jona"]
[Black "Van Hesselingen, Guido"]
[Result "0-1"]
[WhiteFideId "8707633"]
[BlackFideId "8795941"]
[WhiteElo "1977"]
[BlackElo "2173"]

1. e4 {[%clk 00:55:17]} {[%emt 00:00:03]} e5 {[%clk 00:55:15]} {[%emt
00:00:06]} 2. Nf3 {[%clk 00:55:22]} {[%emt 00:00:05]} Nc6 {[%clk 00:55:21]}
{[%emt 00:00:03]} 3. Bc4 {[%clk 00:55:27]} {[%emt 00:00:05]} Bc5 {[%clk
00:55:27]} {[%emt 00:00:04]} 4. c3 {[%clk 00:55:32]} {[%emt 00:00:05]} Nf6
{[%clk 00:55:33]} {[%emt 00:00:04]} 5. d3 {[%clk 00:55:35]} {[%emt 00:00:08]}
d6 {[%clk 00:55:22]} {[%emt 00:00:20]} 6. O-O {[%clk 00:55:09]} {[%emt
00:00:36]} O-O {[%clk 00:55:18]} {[%emt 00:00:14]} 7. b4 {[%clk 00:54:54]}
{[%emt 00:00:25]} Bb6 {[%clk 00:55:22]} {[%emt 00:00:07]} 8. h3 {[%clk
00:54:10]} {[%emt 00:00:54]} Ne7 {[%clk 00:53:59]} {[%emt 00:01:33]} 9. Bg5
{[%clk 00:52:02]} {[%emt 00:02:17]} Ng6 {[%clk 00:53:43]} {[%emt 00:00:27]} 10.
d4 {[%clk 00:50:05]} {[%emt 00:02:07]} h6 {[%clk 00:50:10]} {[%emt 00:03:43]}
11. dxe5 {[%clk 00:43:59]} {[%emt 00:06:16]} hxg5 {[%clk 00:46:54]} {[%emt
00:03:25]} 12. exf6 {[%clk 00:44:01]} {[%emt 00:00:08]} Qxf6 {[%clk 00:46:58]}
{[%emt 00:00:06]} 13. Qc2 {[%clk 00:40:04]} {[%emt 00:04:07]} Bxh3 {[%clk
00:41:46]} {[%emt 00:05:23]} 14. Nbd2 {[%clk 00:36:27]} {[%emt 00:03:47]} g4
{[%clk 00:21:44]} {[%emt 00:20:11]} 15. Nd4 {[%clk 00:27:17]} {[%emt 00:09:21]}
Nf4 {[%clk 00:13:03]} {[%emt 00:08:51]} 16. gxh3 {[%clk 00:26:30]} {[%emt
00:00:57]} Qg5 {[%clk 00:06:26]} {[%emt 00:06:48]} 17. h4 {[%clk 00:23:30]}
{[%emt 00:03:09]} Qxh4 {[%clk 00:06:32]} {[%emt 00:00:04]} 18. N2b3 {[%clk
00:22:48]} {[%emt 00:00:53]} Qh3 {[%clk 00:05:50]} {[%emt 00:00:51]} 19. f3
{[%clk 00:22:39]} {[%emt 00:00:20]} g3 {[%clk 00:05:55]} {[%emt 00:00:04]} 20.
Rf2 {[%clk 00:21:24]} {[%emt 00:01:25]} gxf2+ {[%clk 00:05:18]} {[%emt
00:00:47]} 21. Qxf2 {[%clk 00:21:29]} {[%emt 00:00:05]} g6 {[%clk 00:04:47]}
{[%emt 00:00:41]} 22. Bf1 {[%clk 00:21:27]} {[%emt 00:00:12]} Qh6 {[%clk
00:04:37]} {[%emt 00:00:20]} 23. Qg3 {[%clk 00:21:00]} {[%emt 00:00:38]} Kg7
{[%clk 00:04:25]} {[%emt 00:00:22]} 24. c4 {[%clk 00:20:36]} {[%emt 00:00:33]}
Ne6 {[%clk 00:02:17]} {[%emt 00:02:18]} 25. c5 {[%clk 00:18:37]} {[%emt
00:02:09]} Qe3+ {[%clk 00:02:11]} {[%emt 00:00:16]} 26. Kg2 {[%clk 00:16:16]}
{[%emt 00:02:30]} Nxd4 {[%clk 00:01:30]} {[%emt 00:00:52]} 27. Re1 {[%clk
00:16:09]} {[%emt 00:00:17]} Qc3 {[%clk 00:01:17]} {[%emt 00:00:23]} 28. cxb6
{[%clk 00:15:58]} {[%emt 00:00:21]} Nxb3 {[%clk 00:01:11]} {[%emt 00:00:17]} 29.
axb3 {[%clk 00:16:00]} {[%emt 00:00:08]} axb6 {[%clk 00:01:18]} {[%emt
00:00:02]} 30. Re2 {[%clk 00:15:33]} {[%emt 00:00:37]} Qxb3 {[%clk 00:00:34]}
{[%emt 00:00:55]} 31. e5 {[%clk 00:15:37]} {[%emt 00:00:05]} Ra2 {[%clk
00:00:34]} {[%emt 00:00:10]} 32. exd6 {[%clk 00:15:38]} {[%emt 00:00:10]} Rxe2+
{[%clk 00:00:40]} {[%emt 00:00:03]} 33. Bxe2 {[%clk 00:15:39]} {[%emt
00:00:09]} Qe6 {[%clk 00:00:48]} {[%emt 00:00:01]} 34. dxc7 {[%clk 00:15:04]}
{[%emt 00:00:46]} Qxe2+ {[%clk 00:00:55]} {[%emt 00:00:03]} 35. Kg1 {[%clk
00:15:07]} {[%emt 00:00:06]} Ra8 {[%clk 00:00:57]} {[%emt 00:00:08]} 0-1

[Event "ABC-4 2025 Groep A"]
[Site "Utrecht"]
[Date "2025.03.16"]
[Round "6.3"]
[White "Ramdien, Steven"]
[Black "Leenen, Boyd"]
[Result "1/2-1/2"]
[WhiteFideId "8722626"]
[BlackFideId "8809306"]
[WhiteElo "1876"]
[BlackElo "2018"]

1. e4 {[%clk 00:55:15]} {[%emt 00:00:02]} e5 {[%clk 00:55:17]} {[%emt
00:00:05]} 2. Nf3 {[%clk 00:55:20]} {[%emt 00:00:05]} Nc6 {[%clk 00:55:21]}
{[%emt 00:00:05]} 3. Bc4 {[%clk 00:55:25]} {[%emt 00:00:04]} Bc5 {[%clk
00:55:27]} {[%emt 00:00:06]} 4. c3 {[%clk 00:55:18]} {[%emt 00:00:16]} Nf6
{[%clk 00:55:33]} {[%emt 00:00:05]} 5. b4 {[%clk 00:54:49]} {[%emt 00:00:38]}
Bb6 {[%clk 00:55:08]} {[%emt 00:00:36]} 6. d3 {[%clk 00:54:53]} {[%emt
00:00:06]} d6 {[%clk 00:55:10]} {[%emt 00:00:07]} 7. O-O {[%clk 00:53:31]}
{[%emt 00:01:32]} O-O {[%clk 00:55:08]} {[%emt 00:00:13]} 8. Nbd2 {[%clk
00:50:06]} {[%emt 00:03:35]} Ne7 {[%clk 00:53:40]} {[%emt 00:01:38]} 9. Re1
{[%clk 00:48:37]} {[%emt 00:01:39]} Ng6 {[%clk 00:53:37]} {[%emt 00:00:13]} 10.
Nf1 {[%clk 00:48:17]} {[%emt 00:00:30]} c6 {[%clk 00:53:40]} {[%emt 00:00:07]}
11. Ng3 {[%clk 00:46:46]} {[%emt 00:01:40]} d5 {[%clk 00:48:14]} {[%emt
00:05:38]} 12. Bb3 {[%clk 00:43:02]} {[%emt 00:03:52]} Bc7 {[%clk 00:47:08]}
{[%emt 00:01:18]} 13. Bg5 {[%clk 00:40:30]} {[%emt 00:02:40]} Re8 {[%clk
00:42:18]} {[%emt 00:04:59]} 14. Bxf6 {[%clk 00:34:05]} {[%emt 00:06:37]} gxf6
{[%clk 00:42:19]} {[%emt 00:00:09]} 15. Nf5 {[%clk 00:32:31]} {[%emt 00:01:43]}
Be6 {[%clk 00:41:27]} {[%emt 00:01:02]} 16. N3h4 {[%clk 00:28:37]} {[%emt
00:04:03]} Nxh4 {[%clk 00:27:53]} {[%emt 00:13:45]} 17. Nxh4 {[%clk 00:28:18]}
{[%emt 00:00:30]} Kh8 {[%clk 00:27:53]} {[%emt 00:00:10]} 18. Qf3 {[%clk
00:25:10]} {[%emt 00:03:16]} Rg8 {[%clk 00:26:05]} {[%emt 00:01:59]} 19. h3
{[%clk 00:20:28]} {[%emt 00:04:53]} a5 {[%clk 00:20:35]} {[%emt 00:05:41]} 20.
Rad1 {[%clk 00:14:24]} {[%emt 00:06:13]} axb4 {[%clk 00:15:45]} {[%emt
00:05:01]} 21. cxb4 {[%clk 00:14:24]} {[%emt 00:00:09]} Bd6 {[%clk 00:15:23]}
{[%emt 00:00:32]} 22. b5 {[%clk 00:13:48]} {[%emt 00:00:46]} Be7 {[%clk
00:15:26]} {[%emt 00:00:08]} 23. bxc6 {[%clk 00:13:33]} {[%emt 00:00:25]} bxc6
{[%clk 00:15:34]} {[%emt 00:00:01]} 24. Nf5 {[%clk 00:12:57]} {[%emt 00:00:45]}
Bb4 {[%clk 00:14:33]} {[%emt 00:01:12]} 25. Rf1 {[%clk 00:12:08]} {[%emt
00:00:59]} Qd7 {[%clk 00:14:33]} {[%emt 00:00:10]} 26. Ng3 {[%clk 00:11:33]}
{[%emt 00:00:44]} Rg6 {[%clk 00:13:13]} {[%emt 00:01:31]} 27. d4 {[%clk
00:06:29]} {[%emt 00:05:14]} exd4 {[%clk 00:08:20]} {[%emt 00:05:04]} 28. exd5
{[%clk 00:05:55]} {[%emt 00:00:43]} cxd5 {[%clk 00:08:02]} {[%emt 00:00:28]} 29.
Rxd4 {[%clk 00:05:31]} {[%emt 00:00:35]} Bc5 {[%clk 00:08:08]} {[%emt
00:00:04]} 30. Rd3 {[%clk 00:04:17]} {[%emt 00:01:22]} Rag8 {[%clk 00:08:07]}
{[%emt 00:00:12]} 31. Kh1 {[%clk 00:03:53]} {[%emt 00:00:34]} d4 {[%clk
00:07:02]} {[%emt 00:01:15]} 32. Ne4 {[%clk 00:03:39]} {[%emt 00:00:24]} Be7
{[%clk 00:06:45]} {[%emt 00:00:26]} 33. Ng3 {[%clk 00:03:05]} {[%emt 00:00:43]}
Rh6 {[%clk 00:04:04]} {[%emt 00:02:54]} 34. Qf4 {[%clk 00:02:06]} {[%emt
00:01:08]} Rgg6 {[%clk 00:03:08]} {[%emt 00:01:06]} 35. Rxd4 {[%clk 00:01:17]}
{[%emt 00:00:59]} Qb7 {[%clk 00:03:18]} 36. Kg1 {[%clk 00:00:46]} {[%emt
00:00:40]} f5 {[%clk 00:02:59]} {[%emt 00:00:30]} 37. Rfd1 {[%clk 00:00:26]}
{[%emt 00:00:29]} Qc6 {[%clk 00:00:40]} {[%emt 00:02:29]} 38. Qb8+ {[%clk
00:00:16]} {[%emt 00:00:21]} Kg7 {[%clk 00:00:48]} {[%emt 00:00:03]} 39. Qf4
{[%clk 00:00:21]} {[%emt 00:00:05]} Bg5 {[%clk 00:00:51]} {[%emt 00:00:06]} 40.
Nxf5+ {[%clk 00:00:21]} {[%emt 00:00:10]} Bxf5 {[%clk 00:00:59]} {[%emt
00:00:03]} 41. Qxf5 {[%clk 00:00:30]} {[%emt 00:00:01]} Bf6 {[%clk 00:01:08]}
42. Rg4 {[%clk 00:00:33]} {[%emt 00:00:06]} Rxg4 {[%clk 00:01:05]} {[%emt
00:00:14]} 43. hxg4 {[%clk 00:00:32]} {[%emt 00:00:11]} Qc7 {[%emt 00:00:37]}
44. g5 {[%clk 00:00:11]} {[%emt 00:00:29]} Qh2+ {[%clk 00:00:47]} {[%emt
00:00:02]} 45. Kf1 {[%clk 00:00:21]} Qh1+ {[%clk 00:00:56]} {[%emt 00:00:01]}
46. Ke2 {[%clk 00:00:30]} Qh5+ {[%clk 00:01:05]} 47. f3 {[%clk 00:00:21]}
{[%emt 00:00:18]} Bxg5 {[%clk 00:01:14]} {[%emt 00:00:01]} 48. Rd5 {[%clk
00:00:15]} {[%emt 00:00:15]} Rg6 {[%clk 00:00:43]} {[%emt 00:00:42]} 49. Qe5+
{[%clk 00:00:24]} {[%emt 00:00:01]} Kh6 {[%clk 00:00:42]} {[%emt 00:00:11]} 50.
Rd6 {[%clk 00:00:15]} {[%emt 00:00:18]} f6 {[%clk 00:00:31]} {[%emt 00:00:22]}
51. Qf5 {[%clk 00:00:17]} {[%emt 00:00:06]} Qh2 {[%clk 00:00:14]} {[%emt
00:00:29]} 52. Qh3+ {[%clk 00:00:14]} {[%emt 00:00:13]} Qxh3 {[%clk 00:00:23]}
53. gxh3 {[%clk 00:00:23]} Bf4 {[%clk 00:00:32]} 1/2-1/2